000 00729nam a22002177a 4500
005 20170124110015.0
010 _aA-936175
020 _c00.00
_a8175330635
035 _aA-936175
037 _bCen Lib/Ret
040 _aDPL
_bEN
082 _a305.486971
_bRUH
245 _aEmpowerment of the Indian muslim women /
_cedited by Satya Pal Ruhela
260 _aNew Delhi
_bM.D. Publications
_c1998
270 _aB/231-E, Greater Kailash I
_bNew Delhi
_e110048
300 _axv,110.
_c20cm(Hb)
650 _aMuslim women -- India -- Social conditions
_918457
650 _aMuslim women -- India -- Economic conditions
_918458
700 _aRuhela, Satya Pal
_918459
942 _2ddc
_cEN
_h305.486971
_mRUH
999 _c126780
_d126780